[Event "Tashkent FIDE GP 2014"]
[Site "Tashkent UZB"]
[Date "2014.10.28"]
[Round "7.6"]
[White "Karjakin, Sergey"]
[Black "Giri, Anish"]
[Result "1-0"]
[WhiteTitle "GM"]
[BlackTitle "GM"]
[WhiteElo "2767"]
[BlackElo "2768"]
[WhiteFideId "14109603"]
[BlackFideId "24116068"]
[EventDate "2014.10.21"]

1. Nf3 c5 2. e4 e6 3. d4 cxd4 4. Nxd4 Nc6 5. Nc3 Qc7 6. Be3 a6 7. Qf3 {
Karjakin prepared "not the most common line Qf3 but he was prepared."} ({
Relevant:} 7. Qd2 Nf6 8. O-O-O Be7 9. f3 b5 10. g4 Nxd4 11. Bxd4 Bb7 12. g5 Nh5
13. Ne2 Rc8 14. Rg1 O-O 15. Bh3 f5 16. gxf6 Bxf6 17. Bxf6 Nxf6 18. Ng3 Rf7 19.
Kb1 Qc5 20. Rge1 Nh5 21. Bg2 Nf4 22. Bf1 Ng6 23. Re3 Qg5 24. Qe2 Ne5 25. Bg2 b4
26. b3 a5 27. Re1 Nc6 28. Qd1 Qc5 29. Bf1 Ne5 30. Bg2 Bc6 31. Nh1 Bb5 32. Nf2
Rcf8 33. Nh3 Ng6 34. Qd2 Qe5 35. Bh1 Qh5 36. Bg2 Qe5 {Dominguez Perez,L (2755)
-Giri,A (2758) Bilbao 2014 1/2-1/2}) 7... Ne5 (7... Nf6) (7... b5) 8. Qg3 h5 {
"I played the worst line possible." Giri "Well, h5, I didn't know it."
Karjakin.} 9. f3 $146 {Playing it safe.} ({Predecessor (2):} 9. O-O-O h4 10.
Qh3 Bb4 11. f4 Ng6 12. f5 Ne5 13. Nde2 b5 14. g3 Bb7 15. a3 Nc4 16. Bf4 Qa5 17.
Bc7 Qxc7 18. axb4 Nf6 19. fxe6 dxe6 20. Bg2 O-O 21. b3 Ne3 22. Rd3 Nxg2 23.
Qxg2 a5 24. Nxb5 Qe5 25. Nd6 Nxe4 26. Nxe4 Bxe4 27. Qf1 Bxd3 28. cxd3 axb4 29.
Qg2 Rfc8+ 30. Kd1 Ra1+ 31. Kd2 Ra2+ 32. Ke1 Rc1+ {0-1 (32) Vucinic,G (2377)-To,
N (2339) Kavala 2014}) (9. Bf4 d6) 9... b5 (9... h4 10. Qf2 Bb4 11. Bd2 Nf6)
10. O-O-O d6 11. f4 Ng4 12. e5 dxe5 (12... Nxe3 13. Qxe3 d5 {seems fine for
black.} 14. Rg1) 13. fxe5 Nxe3 14. Qxe3 Bd7 15. Be2 g6 16. Qf3 Rc8 17. Rhf1 Rh7
18. Kb1 (18. a4 {is better.}) 18... Bb4 19. Ne4 Qxe5 20. h4 f5 21. Ng5 Re7 22.
Qb7 Bc5 23. Ngf3 Qc7 24. Qxa6 Bxd4 25. Nxd4 Kf8 26. c3 Nf6 27. Bxb5 Bxb5 28.
Qxb5 e5 $2 (28... Ne4) 29. Qa6 {Giri clearly missed this.} Kg7 (29... Kf7 30.
Nb5 Qc6 31. Nd6+ Ke6 32. Qxc8+ Qxc8 33. Nxc8) 30. Ne6+ Rxe6 31. Qxe6 Re8 32.
Qd6 Qb7 33. Rfe1 Re7 34. g3 Ne4 35. Qb4 Qxb4 36. cxb4 Nxg3 37. b5 f4 38. b6 f3
39. Rg1 Ne2 40. Rgf1 e4 41. a4 Ng3 42. Rf2 1-0